<?xml version="1.0" encoding="UTF-8"?><?xml-stylesheet type="text/xsl" href="static/style.xsl"?><OAI-PMH xmlns="http://www.openarchives.org/OAI/2.0/" xmlns:xsi="http://www.w3.org/2001/XMLSchema-instance" xsi:schemaLocation="http://www.openarchives.org/OAI/2.0/ http://www.openarchives.org/OAI/2.0/OAI-PMH.xsd"><responseDate>2026-06-29T02:43:18Z</responseDate><request verb="GetRecord" identifier="oai:docta.ucm.es:20.500.14352/132611" metadataPrefix="marc">https://docta.ucm.es/rest/oai/request</request><GetRecord><record><header><identifier>oai:docta.ucm.es:20.500.14352/132611</identifier><datestamp>2026-02-19T00:57:20Z</datestamp><setSpec>com_20.500.14352_14</setSpec><setSpec>col_20.500.14352_15</setSpec></header><metadata><record xmlns="http://www.loc.gov/MARC21/slim" xmlns:dcterms="http://purl.org/dc/terms/" xmlns:xsi="http://www.w3.org/2001/XMLSchema-instance" xmlns:doc="http://www.lyncode.com/xoai" xsi:schemaLocation="http://www.loc.gov/MARC21/slim http://www.loc.gov/standards/marcxml/schema/MARC21slim.xsd">
   <leader>00925njm 22002777a 4500</leader>
   <datafield ind2=" " ind1=" " tag="042">
      <subfield code="a">dc</subfield>
   </datafield>
   <datafield ind2=" " ind1=" " tag="720">
      <subfield code="a">Buhigas Jiménez, Rafael</subfield>
      <subfield code="e">author</subfield>
   </datafield>
   <datafield ind2=" " ind1=" " tag="720">
      <subfield code="a">Miguel Salanova, Santiago De</subfield>
      <subfield code="e">author</subfield>
   </datafield>
   <datafield ind2=" " ind1=" " tag="260">
      <subfield code="c">2021</subfield>
   </datafield>
   <datafield ind2=" " ind1=" " tag="520">
      <subfield code="a">El colectivo laboral de las verduleras articuló numerosas protestas contra diversos grupos sociales (comerciantes fijos, abastecedores, revendedores) e institucionales (Ayuntamiento, Gobierno Civil) durante la época de la Restauración en Madrid. La defensa de lo que entendieron como unos derechos y aspiraciones legítimas no respetados en la ciudad derivó en el desencadenamiento de motines de diferente trascendencia en el señalado contexto. El más importante de ellos fue el acaecido el 2 de julio de 1892. Lejos de ser una protesta popular espontánea, fue producto de un proceso de fermentación de poder en el ámbito urbano. El presente artículo analizará las características de ese programa de acción colectiva femenina, su transversalidad social y sus repercusiones políticas a nivel local.</subfield>
   </datafield>
   <datafield ind1="8" ind2=" " tag="024">
      <subfield code="a">de Miguel Salanova, Santiago, y Rafael Buhigas Jiménez. 2021. «¡Abajo El Municipio! Dinámicas Y lógicas De La Cultura De Protesta Femenina En Madrid a través Del motín De Verduleras De 1892». Arenal. Revista De Historia De Las Mujeres 28 (2):385-414. https://doi.org/10.30827/arenal.v28i2.11784.</subfield>
   </datafield>
   <datafield ind1="8" ind2=" " tag="024">
      <subfield code="a">2792-1565</subfield>
   </datafield>
   <datafield ind1="8" ind2=" " tag="024">
      <subfield code="a">https://doi.org/10.30827/ARENAL.V28I2.11784</subfield>
   </datafield>
   <datafield ind1="8" ind2=" " tag="024">
      <subfield code="a">https://hdl.handle.net/20.500.14352/132611</subfield>
   </datafield>
   <datafield ind1="8" ind2=" " tag="024">
      <subfield code="a">https://revistaseug.ugr.es/index.php/arenal/article/view/11784</subfield>
   </datafield>
   <datafield ind1="8" ind2=" " tag="024">
      <subfield code="a">https://produccioncientifica.ucm.es/documentos/61e8fad71363a53edff71da1</subfield>
   </datafield>
   <datafield ind2="0" ind1="0" tag="245">
      <subfield code="a">¡Abajo el Municipio! Dinámicas y lógicas de la cultura de protesta femenina en Madrid a través del motín de verduleras de 1892</subfield>
   </datafield>
</record></metadata></record></GetRecord></OAI-PMH>